| 000 | 00597nam a2200193 i 4500 | ||
|---|---|---|---|
| 001 | 65239 | ||
| 003 | ES-MaACL | ||
| 005 | 20230906165329.0 | ||
| 007 | t| | ||
| 008 | 040109s1964 sp ||||1| spa d | ||
| 100 | 1 |
_aFreden, Gustaf. _952407 |
|
| 245 | 1 | 0 |
_aTres ensayos cervantinos / _cpor Gustaf Freden. |
| 260 |
_aMadrid : _bInsula, _c1964. |
||
| 300 |
_a71 p. ; _c22 cm. |
||
| 500 | _aPrecede al tít.: Instituto Ibero-Americano Gotemburgo Suecia. | ||
| 710 | 0 | 0 |
_aInstituto Ibero-Americano (Göteborg) _95089 |
| 852 |
_aES-MaACL _jC-26012 _bR.54751 |
||
| 852 |
_aES-MaACL _jC-27138 _bR.56100 |
||
| 999 |
_c65239 _d65239 |
||